[Event "47th GRE-chT 2019"]
[Site "Patra"]
[Date "2019.07.05"]
[Round "6.33"]
[White "Tetepoulidis, Ioannis"]
[Black "Grivas, Efstratios"]
[Result "1/2-1/2"]
[WhiteElo "2117"]
[BlackElo "2418"]
[Annotator "NA"]
[PlyCount "81"]
[EventDate "2019.07.02"]
[EventCountry "GRE"]
[SourceTitle "playchess.com"]
[Source "ChessBase"]
[SourceQuality "1"]
[TimeControl "5400+30"]

1. e4 {[%emt 0:00:00]} c5 {[%emt 0:00:00] c5} 2. Nc3 {[%emt 0:00:00]} Nc6 {[%emt 0:00:00]} 3. f4 {[%emt 0:00:00]} e6 {[%emt 0:00:30]} 4. Nf3 {[%emt 0:00:00]} Nge7 {[%emt 0:00:14]} 5. d4 {[%emt 0:00:00]} Nxd4 {[%emt 0:01:47]} 6. Nxd4 {[%emt 0:00:01]} cxd4 {[%emt 0:00:06]} 7. Qxd4 {[%emt 0:00:03]} Nc6 {[%emt 0:00:11]} 8. Qf2 {[%emt 0:00:03]} d6 {[%emt 0:00:28]} 9. Be3 {[%emt 0:00:37]} Bd7 {[%emt 0:01:09]} 10. O-O-O {[%emt 0:13:57]} a6 {[%emt 0:04:04]} 11. Bb6 {[%emt 0:04:28]} Qb8 {[%emt 0:02:08]} 12. g4 {[%emt 0:07:50]} Be7 {[%emt 0:01:39]} 13. Rg1 {[%emt 0:02:58]} g5 {[%emt 0:06:10]} 14. f5 {[%emt 0:00:35]} Ne5 {[%emt 0:00:56]} 15. f6 {[%emt 0:07:34]} Bd8 {[%emt 0:02:20]} 16. Bxd8 {[%emt 0:04:50]} Qxd8 {[%emt 0:01:42]} 17. Rxd6 {[%emt 0:02:43]} Qc7 {[%emt 0:04:12]} 18. Rd2 {[%emt 0:01:31]} O-O-O {[%emt 0:04:20]} 19. Be2 {[%emt 0:01:51]} Bc6 {[%emt 0:00:37]} 20. Rxd8+ {[%emt 0:01:05]} Rxd8 {[%emt 0:00:31]} 21. h4 {[%emt 0:00:52]} h6 {[%emt 0:10:02]} 22. Qe3 {[%emt 0:03:38]} Rg8 {[%emt 0:01:54]} 23. hxg5 {[%emt 0:31:43]} hxg5 {[%emt 0:02:54]} 24. Rh1 {[%emt 0:00:34]} Nd7 {[%emt 0:02:28]} 25. Qd4 {[%emt 0:05:02]} Qf4+ {[%emt 0:08:32]} 26. Kb1 {[%emt 0:00:02]} Qxf6 {[%emt 0:00:47]} 27. Qxf6 {[%emt 0:02:14]} Nxf6 {[%emt 0:00:41]} 28. Rf1 {[%emt 0:00:03]} Nxe4 {[%emt 0:09:06]} 29. Nxe4 {[%emt 0:00:53]} Bxe4 {[%emt 0:00:05]} 30. Rxf7 {[%emt 0:00:46]} Rh8 {[%emt 0:04:04]} 31. Kc1 {[%emt 0:01:59]} Rh2 {[%emt 0:02:00]} 32. Bd3 {[%emt 0:01:16]} Bxd3 {[%emt 0:08:54]} 33. cxd3 {[%emt 0:00:05]} Rg2 {[%emt 0:00:09]} 34. Re7 {[%emt 0:00:07]} Rxg4 {[%emt 0:00:07]} 35. Rxe6 {[%emt 0:00:02]} Kd7 {[%emt 0:00:08]} 36. Rg6 {[%emt 0:00:03]} Rg2 {[%emt 0:00:08]} 37. d4 {[%emt 0:04:28]} g4 {[%emt 0:03:06]} 38. d5 {[%emt 0:00:39]} g3 {[%emt 0:00:10]} 39. a4 {[%emt 0:01:21]} Ke7 {[%emt 0:06:50]} 40. d6+ {[%emt 0:00:00]} Kd7 {[%emt 0:00:00]} 41. Kb1 {[%emt 0:00:00]} 1/2-1/2

[Event "47th GRE-chT 2019"]
[Site "Patra"]
[Date "2019.07.05"]
[Round "6.34"]
[White "Souleidis, Georgios"]
[Black "Nikolakis, Panagiotis Marios"]
[Result "1/2-1/2"]
[WhiteElo "2426"]
[BlackElo "1911"]
[Annotator "NA"]
[PlyCount "130"]
[EventDate "2019.07.02"]
[EventCountry "GRE"]
[SourceTitle "playchess.com"]
[Source "ChessBase"]
[SourceQuality "1"]
[TimeControl "5400+30"]

1. e4 {[%emt 0:00:00]} c5 {[%emt 0:00:00]} 2. Nf3 {[%emt 0:00:00]} d6 {[%emt 0:00:00]} 3. Bc4 {[%emt 0:00:04]} e6 {[%emt 0:00:02]} 4. O-O {[%emt 0:00:07]} Nc6 {[%emt 0:01:34]} 5. Re1 {[%emt 0:00:29]} Nf6 {[%emt 0:01:05]} 6. Bb3 {[%emt 0:00:21]} Be7 {[%emt 0:00:07]} 7. c3 {[%emt 0:01:37]} O-O {[%emt 0:00:34]} 8. d4 {[%emt 0:19:16]} e5 {[%emt 0:09:29]} 9. d5 {[%emt 0:02:59]} Nb8 {[%emt 0:01:12]} 10. a4 {[%emt 0:01:15]} b6 {[%emt 0:01:08]} 11. Nbd2 {[%emt 0:00:26]} Re8 {[%emt 0:01:00]} 12. Bc4 {[%emt 0:08:03]} a6 {[%emt 0:00:30]} 13. h3 {[%emt 0:00:33]} Bf8 {[%emt 0:04:26]} 14. b4 {[%emt 0:09:36]} Nbd7 {[%emt 0:08:28]} 15. Ba3 {[%emt 0:09:04]} Nh5 {[%emt 0:00:42]} 16. Bf1 {[%emt 0:03:09]} Rb8 {[%emt 0:01:25]} 17. Rb1 {[%emt 0:01:42]} g6 {[%emt 0:02:59]} 18. bxc5 {[%emt 0:00:31]} bxc5 {[%emt 0:02:17]} 19. Rxb8 {[%emt 0:00:08]} Nxb8 {[%emt 0:02:28]} 20. Nc4 {[%emt 0:12:13]} Nf4 {[%emt 0:01:19]} 21. Bc1 {[%emt 0:01:08]} Bg7 {[%emt 0:14:17]} 22. Kh2 {[%emt 0:07:13]} Qc7 {[%emt 0:07:06]} 23. Bxf4 {[%emt 0:00:09]} exf4 {[%emt 0:00:07]} 24. Qd2 {[%emt 0:19:29]} Nd7 {[%emt 0:07:44]} 25. Qxf4 {[%emt 0:02:01]} Bxc3 {[%emt 0:00:43]} 26. Qxd6 {[%emt 0:00:18]} Qxd6+ {[%emt 0:00:04]} 27. Nxd6 {[%emt 0:00:55]} Ne5 {[%emt 0:03:18]} 28. Nxe8 {[%emt 0:00:07]} Nxf3+ {[%emt 0:00:02]} 29. gxf3 {[%emt 0:00:10]} Bxe1 {[%emt 0:04:02]} 30. d6 {[%emt 0:00:06]} Bc3 {[%emt 0:00:50]} 31. f4 {[%emt 0:01:02]} Bd7 {[%emt 0:00:04]} 32. Nc7 {[%emt 0:00:27]} Bxa4 {[%emt 0:01:38]} 33. e5 {[%emt 0:00:59]} Kf8 {[%emt 0:01:01]} 34. Bxa6 {[%emt 0:00:47]} Bc6 {[%emt 0:02:43]} 35. Kg3 {[%emt 0:00:12]} Bd4 {[%emt 0:06:51]} 36. Bb5 {[%emt 0:00:27]} Bxb5 {[%emt 0:00:01]} 37. Nxb5 {[%emt 0:00:21]} Bb2 {[%emt 0:00:06]} 38. Kf3 {[%emt 0:00:31]} Ke8 {[%emt 0:00:07]} 39. Ke4 {[%emt 0:00:39]} c4 {[%emt 0:00:00]} 40. Nc7+ {[%emt 0:00:00]} Kd8 {[%emt 0:00:00]} 41. Nd5 {[%emt 0:00:00]} h6 {[%emt 0:00:00]} 42. Ne3 {[%emt 0:00:00]} c3 {[%emt 0:00:00]} 43. Kd3 {[%emt 0:00:00]} g5 {[%emt 0:00:00]} 44. fxg5 {[%emt 0:00:00]} hxg5 {[%emt 0:00:55]} 45. Kc2 {[%emt 0:00:00]} Kd7 {[%emt 0:00:05]} 46. Nd5 {[%emt 0:00:00]} Ke6 {[%emt 0:13:08]} 47. Nc7+ {[%emt 0:00:00]} Kd7 {[%emt 0:00:08]} 48. Nd5 {[%emt 0:00:00]} Ke6 {[%emt 0:02:50]} 49. Nxc3 {[%emt 0:00:00]} Ba3 {[%emt 0:01:07]} 50. Kb3 {[%emt 0:05:45]} Bc5 {[%emt 0:00:01]} 51. Kc4 {[%emt 0:00:11]} Bxf2 {[%emt 0:00:13]} 52. Ne4 {[%emt 0:00:34]} Bb6 {[%emt 0:00:56]} 53. Nxg5+ {[%emt 0:00:07]} Kxe5 {[%emt 0:04:53]} 54. Kb5 {[%emt 0:00:07]} Be3 {[%emt 0:00:22]} 55. Nxf7+ {[%emt 0:00:07]} Ke6 {[%emt 0:00:49]} 56. d7 {[%emt 0:00:11]} Kxd7 {[%emt 0:00:17]} 57. Ne5+ {[%emt 0:00:09]} Ke6 {[%emt 0:00:04]} 58. Ng4 {[%emt 0:00:29]} Bc1 {[%emt 0:00:01]} 59. Kc4 {[%emt 0:00:11]} Kf5 {[%emt 0:00:09]} 60. Kd3 {[%emt 0:01:17]} Kg5 {[%emt 0:00:09]} 61. Ke4 {[%emt 0:00:40]} Kh4 {[%emt 0:00:05]} 62. Nf2 {[%emt 0:00:14]} Ba3 {[%emt 0:00:11]} 63. Kf3 {[%emt 0:00:10]} Bc5 {[%emt 0:00:03]} 64. Kg2 {[%emt 0:00:05]} Bxf2 {[%emt 0:00:02]} 65. Kxf2 {[%emt 0:00:06]} Kxh3 {[%emt 0:00:01]} 1/2-1/2

[Event "47th GRE-chT 2019"]
[Site "Patra"]
[Date "2019.07.05"]
[Round "6.35"]
[White "Salimova, Nurgyul"]
[Black "Daulyte-Cornette, Deimante"]
[Result "1/2-1/2"]
[WhiteElo "2416"]
[BlackElo "2444"]
[Annotator "NA"]
[PlyCount "56"]
[EventDate "2019.07.02"]
[EventCountry "GRE"]
[SourceTitle "playchess.com"]
[Source "ChessBase"]
[SourceQuality "1"]
[TimeControl "5400+30"]

1. e4 {[%emt 0:00:00]} e5 {[%emt 0:00:00]} 2. Nf3 {[%emt 0:00:00]} Nc6 {[%emt 0:00:00]} 3. Bc4 {[%emt 0:00:00]} Nf6 {[%emt 0:00:00]} 4. d3 {[%emt 0:00:00]} Bc5 {[%emt 0:00:14]} 5. O-O {[%emt 0:00:19]} d6 {[%emt 0:00:31]} 6. c3 {[%emt 0:00:38]} a6 {[%emt 0:00:14]} 7. a4 {[%emt 0:02:25]} Ba7 {[%emt 0:00:23]} 8. Nbd2 {[%emt 0:05:56]} O-O {[%emt 0:04:14]} 9. h3 {[%emt 0:03:05]} Ne7 {[%emt 0:00:59]} 10. Re1 {[%emt 0:00:50]} Ng6 {[%emt 0:00:51]} 11. Nf1 {[%emt 0:01:47]} c6 {[%emt 0:01:22]} 12. Bb3 {[%emt 0:01:55]} d5 {[%emt 0:02:57]} 13. Bg5 {[%emt 0:06:29]} h6 {[%emt 0:44:03]} 14. Bxf6 {[%emt 0:18:55]} Qxf6 {[%emt 0:00:06]} 15. exd5 {[%emt 0:01:18]} Nf4 {[%emt 0:01:41]} 16. d4 {[%emt 0:09:27]} exd4 {[%emt 0:04:39]} 17. cxd4 {[%emt 0:02:22]} cxd5 {[%emt 0:01:28]} 18. Ne3 {[%emt 0:10:00]} Be6 {[%emt 0:07:02]} 19. Ng4 {[%emt 0:08:51]} Bxg4 {[%emt 0:04:06]} 20. hxg4 {[%emt 0:00:02]} Rfe8 {[%emt 0:01:59]} 21. Re3 {[%emt 0:06:13]} Re4 {[%emt 0:11:55]} 22. Bc2 {[%emt 0:08:03]} Re7 {[%emt 0:01:04]} 23. Rxe7 {[%emt 0:00:54]} Qxe7 {[%emt 0:00:05]} 24. g3 {[%emt 0:01:12]} Ne6 {[%emt 0:00:39]} 25. Qd3 {[%emt 0:00:10]} g6 {[%emt 0:00:13]} 26. Re1 {[%emt 0:04:15]} Qf6 {[%emt 0:00:42]} 27. Bb3 {[%emt 0:01:54]} Rd8 {[%emt 0:02:29]} 28. Rd1 {[%emt 0:00:10]} Kg7 {[%emt 0:02:00]} 1/2-1/2

[Event "47th GRE-chT 2019"]
[Site "Patra"]
[Date "2019.07.05"]
[Round "6.36"]
[White "Kalyva, Kyriaki"]
[Black "Batzoli, Maria"]
[Result "1-0"]
[WhiteElo "1869"]
[BlackElo "1390"]
[Annotator "NA"]
[PlyCount "67"]
[EventDate "2019.07.02"]
[EventCountry "GRE"]
[SourceTitle "playchess.com"]
[Source "ChessBase"]
[SourceQuality "1"]
[TimeControl "5400+30"]

1. d4 {[%emt 0:00:00]} Nf6 {[%emt 0:00:00]} 2. c4 {[%emt 0:00:02]} e6 {[%emt 0:00:00]} 3. Nc3 {[%emt 0:00:07]} Bb4 {[%emt 0:00:00]} 4. e3 {[%emt 0:00:07]} Bxc3+ {[%emt 0:00:00]} 5. bxc3 {[%emt 0:00:03]} d6 {[%emt 0:00:00]} 6. Bd3 {[%emt 0:00:07]} Qe7 {[%emt 0:03:59]} 7. e4 {[%emt 0:00:14]} e5 {[%emt 0:00:13]} 8. Qe2 {[%emt 0:00:58]} c5 {[%emt 0:07:28]} 9. Nf3 {[%emt 0:01:10]} O-O {[%emt 0:00:33]} 10. O-O {[%emt 0:01:21]} Nbd7 {[%emt 0:07:48]} 11. Bd2 {[%emt 0:02:26]} Re8 {[%emt 0:05:01]} 12. d5 {[%emt 0:01:44]} Nf8 {[%emt 0:01:03]} 13. Bc2 {[%emt 0:01:36]} Ng6 {[%emt 0:09:44]} 14. Ne1 {[%emt 0:02:26]} Rf8 {[%emt 0:08:31]} 15. g3 {[%emt 0:04:42]} Bh3 {[%emt 0:00:20]} 16. Ng2 {[%emt 0:00:24]} Nd7 {[%emt 0:00:45]} 17. Qh5 {[%emt 0:01:06]} Bxg2 {[%emt 0:00:06]} 18. Kxg2 {[%emt 0:01:36]} Nb6 {[%emt 0:03:16]} 19. Bd3 {[%emt 0:01:44]} Qd7 {[%emt 0:19:20]} 20. f4 {[%emt 0:01:22]} f6 {[%emt 0:00:47]} 21. f5 {[%emt 0:00:10]} Ne7 {[%emt 0:00:46]} 22. g4 {[%emt 0:00:30]} Qe8 {[%emt 0:00:50]} 23. Qh4 {[%emt 0:00:39]} g5 {[%emt 0:12:14]} 24. fxg6 {[%emt 0:00:33]} Qxg6 {[%emt 0:00:18]} 25. Rf3 {[%emt 0:03:44]} Nxc4 {[%emt 0:00:41]} 26. Bxc4 {[%emt 0:00:49]} Rf7 {[%emt 0:01:12]} 27. Bd3 {[%emt 0:00:07]} c4 {[%emt 0:02:06]} 28. Bc2 {[%emt 0:00:07]} Nxd5 {[%emt 0:00:12]} 29. Rf5 {[%emt 0:00:48]} Ne7 {[%emt 0:00:12]} 30. Raf1 {[%emt 0:01:50]} Nxf5 {[%emt 0:00:11]} 31. exf5 {[%emt 0:01:20]} Qg7 {[%emt 0:00:05]} 32. Bh6 {[%emt 0:00:03]} Qh8 {[%emt 0:00:04]} 33. Be4 {[%emt 0:01:18]} Raf8 {[%emt 0:00:07]} 34. Bd5 {[%emt 0:00:43]} 1-0

[Event "47th GRE-chT 2019"]
[Site "Patra"]
[Date "2019.07.05"]
[Round "6.37"]
[White "Nikolaki, Dimitria"]
[Black "Kyriakidou, Chrysa"]
[Result "0-1"]
[WhiteElo "1323"]
[BlackElo "1338"]
[Annotator "NA"]
[PlyCount "90"]
[EventDate "2019.07.02"]
[EventCountry "GRE"]
[SourceTitle "playchess.com"]
[Source "ChessBase"]
[SourceQuality "1"]
[TimeControl "5400+30"]

1. d4 {[%emt 0:00:00]} d5 {[%emt 0:00:00]} 2. c4 {[%emt 0:00:00]} c6 {[%emt 0:00:00]} 3. cxd5 {[%emt 0:00:00]} cxd5 {[%emt 0:00:00]} 4. Bf4 {[%emt 0:00:00]} Nf6 {[%emt 0:00:00]} 5. e3 {[%emt 0:00:00]} Nc6 {[%emt 0:00:03]} 6. Nc3 {[%emt 0:00:14]} a6 {[%emt 0:00:06]} 7. Bd3 {[%emt 0:00:07]} Bg4 {[%emt 0:00:36]} 8. Nge2 {[%emt 0:00:11]} e6 {[%emt 0:00:11]} 9. h3 {[%emt 0:00:23]} Bh5 {[%emt 0:00:09]} 10. O-O {[%emt 0:00:13]} Bd6 {[%emt 0:00:52]} 11. Bxd6 {[%emt 0:00:18]} Qxd6 {[%emt 0:00:06]} 12. a3 {[%emt 0:04:22]} Bg6 {[%emt 0:00:22]} 13. Nf4 {[%emt 0:01:35]} Bxd3 {[%emt 0:00:20]} 14. Nxd3 {[%emt 0:00:24]} O-O {[%emt 0:02:46]} 15. Na4 {[%emt 0:07:04]} Ra7 {[%emt 0:28:25]} 16. Ndc5 {[%emt 0:04:18]} b5 {[%emt 0:01:19]} 17. Nc3 {[%emt 0:01:10]} e5 {[%emt 0:01:23]} 18. Nb3 {[%emt 0:05:36]} Rd8 {[%emt 0:05:37]} 19. dxe5 {[%emt 0:02:36]} Nxe5 {[%emt 0:03:04]} 20. Nd4 {[%emt 0:03:39]} Rad7 {[%emt 0:06:52]} 21. a4 {[%emt 0:04:02]} b4 {[%emt 0:03:22]} 22. Nce2 {[%emt 0:01:25]} Ne4 {[%emt 0:03:23]} 23. Rc1 {[%emt 0:05:09]} Rc7 {[%emt 0:06:20]} 24. Rxc7 {[%emt 0:02:38]} Qxc7 {[%emt 0:00:09]} 25. Nf4 {[%emt 0:09:36]} Qd7 {[%emt 0:01:05]} 26. Qe2 {[%emt 0:02:34]} Qxa4 {[%emt 0:11:40]} 27. b3 {[%emt 0:01:24]} Qa5 {[%emt 0:00:37]} 28. Nc2 {[%emt 0:03:51]} Nc3 {[%emt 0:03:01]} 29. Qh5 {[%emt 0:00:54]} Ng6 {[%emt 0:01:41]} 30. Nxg6 {[%emt 0:01:02]} hxg6 {[%emt 0:00:06]} 31. Qg5 {[%emt 0:02:32]} Re8 {[%emt 0:09:59]} 32. Qg4 {[%emt 0:03:45]} Rb8 {[%emt 0:03:26]} 33. Ra1 {[%emt 0:01:01]} Qb6 {[%emt 0:00:12]} 34. Qg5 {[%emt 0:04:35]} a5 {[%emt 0:00:36]} 35. Qe5 {[%emt 0:02:31]} Rc8 {[%emt 0:02:21]} 36. Nd4 {[%emt 0:02:38]} a4 {[%emt 0:02:39]} 37. h4 {[%emt 0:07:23]} a3 {[%emt 0:01:18]} 38. Kh1 {[%emt 0:12:26]} Nb5 {[%emt 0:02:00]} 39. Qxd5 {[%emt 0:01:33]} Nxd4 {[%emt 0:00:07]} 40. exd4 {[%emt 0:00:00]} Qc6 {[%emt 0:00:00]} 41. Qg5 {[%emt 0:00:00]} Qc3 {[%emt 0:00:00]} 42. Rg1 {[%emt 0:00:00]} a2 {[%emt 0:00:00]} 43. Qa5 {[%emt 0:00:00]} Qxb3 {[%emt 0:00:00]} 44. Kh2 {[%emt 0:00:00]} Qc4 {[%emt 0:00:00]} 45. Ra1 {[%emt 0:00:00]} b3 {[%emt 0:00:00]} 0-1

[Event "47th GRE-chT 2019"]
[Site "Patra"]
[Date "2019.07.05"]
[Round "6.38"]
[White "Androutsopoulos-Agiotatos, Vasil"]
[Black "Samakas, Anastasios"]
[Result "1/2-1/2"]
[WhiteElo "2063"]
[BlackElo "1999"]
[Annotator "NA"]
[PlyCount "134"]
[EventDate "2019.07.02"]
[EventCountry "GRE"]
[SourceTitle "playchess.com"]
[Source "ChessBase"]
[SourceQuality "1"]
[TimeControl "5400+30"]

1. e4 {[%emt 0:00:00]} e6 {[%emt 0:00:00]} 2. d4 {[%emt 0:00:00]} d5 {[%emt 0:00:00]} 3. Nc3 {[%emt 0:00:00]} dxe4 {[%emt 0:00:00]} 4. Nxe4 {[%emt 0:00:00]} Nf6 {[%emt 0:00:06]} 5. Nxf6+ {[%emt 0:00:00]} gxf6 {[%emt 0:05:09]} 6. Nf3 {[%emt 0:00:24]} b6 {[%emt 0:00:53]} 7. Bb5+ {[%emt 0:00:02]} c6 {[%emt 0:03:35]} 8. Bd3 {[%emt 0:00:26]} Bb7 {[%emt 0:06:05]} 9. Bf4 {[%emt 0:02:42]} Bd6 {[%emt 0:00:32]} 10. Bg3 {[%emt 0:01:28]} Qc7 {[%emt 0:03:11]} 11. Qe2 {[%emt 0:02:53]} Nd7 {[%emt 0:00:25]} 12. O-O-O {[%emt 0:03:36]} O-O-O {[%emt 0:03:19]} 13. Kb1 {[%emt 0:09:48]} h6 {[%emt 0:04:39]} 14. c3 {[%emt 0:07:08]} Kb8 {[%emt 0:04:27]} 15. Rhe1 {[%emt 0:12:20]} Rde8 {[%emt 0:07:56]} 16. Ba6 {[%emt 0:20:23]} Nf8 {[%emt 0:09:56]} 17. Nd2 {[%emt 0:11:57]} Bxg3 {[%emt 0:01:23]} 18. hxg3 {[%emt 0:01:57]} f5 {[%emt 0:01:33]} 19. Bxb7 {[%emt 0:00:01]} Kxb7 {[%emt 0:00:20]} 20. Nc4 {[%emt 0:05:58]} Ng6 {[%emt 0:02:39]} 21. Qh5 {[%emt 0:01:00]} Rd8 {[%emt 0:07:07]} 22. Ne5 {[%emt 0:01:13]} Nxe5 {[%emt 0:01:05]} 23. Rxe5 {[%emt 0:05:00]} c5 {[%emt 0:04:02]} 24. Qf3+ {[%emt 0:00:01]} Kb8 {[%emt 0:02:43]} 25. Qe3 {[%emt 0:00:20]} cxd4 {[%emt 0:01:01]} 26. cxd4 {[%emt 0:00:10]} Rc8 {[%emt 0:20:25]} 27. Qd2 {[%emt 0:00:32]} Rhd8 {[%emt 0:00:27]} 28. Re3 {[%emt 0:00:15]} Rxd4 {[%emt 0:00:28]} 29. Rd3 {[%emt 0:04:31]} Rxd3 {[%emt 0:00:01]} 30. Qxd3 {[%emt 0:01:32]} Qc4 {[%emt 0:07:27]} 31. Qd6+ {[%emt 0:00:00]} Kb7 {[%emt 0:01:55]} 32. Qd3 {[%emt 0:01:10]} Qxd3+ {[%emt 0:00:01]} 33. Rxd3 {[%emt 0:03:21]} b5 {[%emt 0:00:41]} 34. a3 {[%emt 0:01:48]} Kb6 {[%emt 0:00:39]} 35. Rd7 {[%emt 0:00:01]} Rc7 {[%emt 0:00:05]} 36. Rd8 {[%emt 0:02:08]} Rc5 {[%emt 0:01:08]} 37. Rd7 {[%emt 0:01:47]} Rc7 {[%emt 0:00:02]} 38. Rd8 {[%emt 0:00:39]} a5 {[%emt 0:01:47]} 39. Rb8+ {[%emt 0:00:53]} Rb7 {[%emt 0:00:00]} 40. Rh8 {[%emt 0:00:00]} b4 {[%emt 0:00:00]} 41. axb4 {[%emt 0:00:00]} axb4 {[%emt 0:00:00]} 42. Kc2 {[%emt 0:00:00]} Kb5 {[%emt 0:00:00]} 43. Rxh6 {[%emt 0:00:00]} Rc7+ {[%emt 0:00:00]} 44. Kb3 {[%emt 0:00:00]} Rd7 {[%emt 0:00:00]} 45. Rh4 {[%emt 0:00:00]} Rd3+ {[%emt 0:00:00]} 46. Kc2 {[%emt 0:00:00]} Rd5 {[%emt 0:00:00]} 47. Kb3 {[%emt 0:00:00]} Rd3+ {[%emt 0:00:00]} 48. Kc2 {[%emt 0:00:00]} Rd5 {[%emt 0:00:00]} 49. Kb3 {[%emt 0:00:00]} Ka5 {[%emt 0:00:00]} 50. Rf4 {[%emt 0:00:00]} Rd2 {[%emt 0:00:00]} 51. Rf3 {[%emt 0:00:00]} Rd4 {[%emt 0:00:00]} 52. Re3 {[%emt 0:00:00]} Kb5 {[%emt 0:00:00]} 53. Re5+ {[%emt 0:00:00]} Kc6 {[%emt 0:00:00]} 54. Re3 {[%emt 0:04:01]} Kc5 {[%emt 0:00:00]} 55. Rf3 {[%emt 0:01:45]} Kd5 {[%emt 0:00:00]} 56. Rf4 {[%emt 0:03:08]} Rd2 {[%emt 0:00:00]} 57. Kxb4 {[%emt 0:00:01]} Rxb2+ {[%emt 0:00:00]} 58. Kc3 {[%emt 0:00:03]} Re2 {[%emt 0:00:48]} 59. Kd3 {[%emt 0:00:01]} Re1 {[%emt 0:00:44]} 60. g4 {[%emt 0:01:23]} Ke5 {[%emt 0:00:12]} 61. g3 {[%emt 0:01:51]} fxg4 {[%emt 0:01:25]} 62. Rxf7 {[%emt 0:00:07]} Re4 {[%emt 0:01:37]} 63. Rh7 {[%emt 0:00:07]} Ra4 {[%emt 0:00:20]} 64. Rh5+ {[%emt 0:00:01]} Kd6 {[%emt 0:01:04]} 65. Rh8 {[%emt 0:00:26]} Ra2 {[%emt 0:00:47]} 66. Ke3 {[%emt 0:00:17]} Ra4 {[%emt 0:00:41] Ke4 Ke5+} 67. Ra8 Rxa8 1/2-1/2

[Event "47th GRE-chT 2019"]
[Site "Patra"]
[Date "2019.07.05"]
[Round "6.39"]
[White "Ioannou, Ioannis Nik."]
[Black "Koutlas, Nikolaos"]
[Result "0-1"]
[WhiteElo "1489"]
[BlackElo "1969"]
[Annotator "NA"]
[PlyCount "76"]
[EventDate "2019.07.02"]
[EventCountry "GRE"]
[SourceTitle "playchess.com"]
[Source "ChessBase"]
[SourceQuality "1"]
[TimeControl "5400+30"]

1. d4 {[%emt 0:00:00]} Nf6 {[%emt 0:00:00]} 2. c4 {[%emt 0:00:00]} e6 {[%emt 0:00:00]} 3. Nc3 {[%emt 0:00:00]} Bb4 {[%emt 0:00:00]} 4. e3 {[%emt 0:00:06]} O-O {[%emt 0:00:03]} 5. Nge2 {[%emt 0:00:24]} Re8 {[%emt 0:00:51]} 6. a3 {[%emt 0:01:16]} Bf8 {[%emt 0:00:06]} 7. g3 {[%emt 0:05:43]} d5 {[%emt 0:03:17]} 8. cxd5 {[%emt 0:01:59]} exd5 {[%emt 0:00:14]} 9. Bg2 {[%emt 0:03:45]} c6 {[%emt 0:01:04]} 10. Bd2 {[%emt 0:07:41]} Bf5 {[%emt 0:03:06]} 11. Nf4 {[%emt 0:09:17]} Bd6 {[%emt 0:06:52]} 12. Nce2 {[%emt 0:08:27]} h6 {[%emt 0:13:14]} 13. h4 {[%emt 0:17:35]} Nbd7 {[%emt 0:11:04]} 14. f3 {[%emt 0:17:15]} Qb6 {[%emt 0:07:30]} 15. Bc1 {[%emt 0:01:06]} Qc7 {[%emt 0:06:18]} 16. Kf2 {[%emt 0:01:06]} h5 {[%emt 0:04:48]} 17. Bh3 {[%emt 0:02:35]} Bxh3 {[%emt 0:01:53]} 18. Rxh3 {[%emt 0:00:10]} Nf8 {[%emt 0:01:13]} 19. b4 {[%emt 0:01:33]} a6 {[%emt 0:00:57]} 20. Bd2 {[%emt 0:01:04]} N8d7 {[%emt 0:03:19]} 21. Qc2 {[%emt 0:01:30]} Nb6 {[%emt 0:01:20]} 22. Qf5 {[%emt 0:02:38]} Nc4 {[%emt 0:00:23]} 23. Bc1 {[%emt 0:00:09]} Qe7 {[%emt 0:03:04]} 24. Qd3 {[%emt 0:01:25]} b5 {[%emt 0:03:19]} 25. Rh1 {[%emt 0:03:50]} a5 {[%emt 0:01:33]} 26. bxa5 {[%emt 0:09:16]} Rxa5 {[%emt 0:00:10]} 27. Ng2 {[%emt 0:01:23]} Rea8 {[%emt 0:04:02]} 28. Re1 {[%emt 0:01:52]} Bxa3 {[%emt 0:03:36]} 29. Bxa3 {[%emt 0:00:35]} Rxa3 {[%emt 0:00:08]} 30. Rxa3 {[%emt 0:00:07]} Rxa3 {[%emt 0:00:06]} 31. Qc2 {[%emt 0:01:04]} b4 {[%emt 0:05:56]} 32. Nc1 {[%emt 0:00:22]} g6 {[%emt 0:01:06]} 33. e4 {[%emt 0:00:43]} Qa7 {[%emt 0:00:21]} 34. Rd1 {[%emt 0:00:29]} b3 {[%emt 0:00:28]} 35. Qb1 {[%emt 0:00:30]} b2 {[%emt 0:00:30]} 36. Ne2 {[%emt 0:00:31]} Ra1 {[%emt 0:00:21]} 37. Qc2 {[%emt 0:00:30]} Rxd1 {[%emt 0:00:15]} 38. Qxd1 {[%emt 0:00:10]} Qa1 {[%emt 0:00:10]} 0-1